Представление документа в формате RUSMARC

ПолеНазваниеЗначение
  Тип записи a
  Библиографический уровень m
001 Контрольный номер UONB/MAIN/14818e9c69a548ec9d6a558e3d67a591
005 Дата корректировки 20260422153947.6
010 Индекс ISBN __
a ISBN 978-5-6055186-9-3
b Уточнения в пер.
9 Тираж 110 экз.
100 Данные общей обработки __
a Данные общей обработки 20260422d2026 u y0rusy0189 ca
101 Язык документа 0_
a Язык текста rus
102 Страна публикации __
a Страна публикации RU
105 Кодированные данные (монография) __
a Кодированные данные (монография) a z 000yy
200 Заглавие и сведения об ответственности 1_
a Заглавие Горит Троя
e Сведения, относящиеся к заглавию стихи и проза
f Первые сведения об ответственности Сергей Скоморохов
203 Вид содержания и тип средства __
a Вид содержания Текст
b Характеристика содержания визуальный
c Тип средства непосредственный
210 Выходные данные 1_
a Место издания Ульяновск
c Издательство Мастер-Студия
d Дата издания 2026
215 Физическое описание __
a Объем 239 с.
d Формат 22 см
c Иллюстрации/тип воспроизводства ил.
316 Примечания об особенностях экземпляра __
x Типология владельческих признаков Дарственная надпись
x Типология владельческих признаков Автограф
y Дата 15.04.2026
9 Инвентарный номер 1164060
333 Примечание о целевом назначении __
a Примечание о целевом назначении 18+
606 Тематические рубрики 0_
a Основная рубрика Стихи (х. л.)
610 Ключевые слова 0_
a Ключевые слова стихи русские; проза русская
686 Индексы других классификаций __
a Классификационный индекс 84Р2-5
2 Код системы rubbk
700 Автор _1
a Фамилия Скоморохов
b Имя (инициалы) С. Г.
g Полное личное имя Сергей Геннадьевич
801 Источник записи _0
a Страна RU
b Организация Ульяновская ОНБ
c Дата составления 20260422
g Правила каталогизации RCR
801 Источник записи _1
a Страна RU
b Организация Ульяновская ОНБ
c Дата составления 20260422
g Правила каталогизации RCR
900 Электронные ресурсы __
a Имя электронного ресурса 202604160025
900 Электронные ресурсы __
a Имя электронного ресурса 202604160026
901 Тип документа __
t Тип документа m
909 Создатель записи __
b Дата создания записи 20260422
a Создатель записи Макушик
935 Информация о редкой книге __
a Статус редкой книги РК